00994nam a2200241Ia 4500001000600000003000900006008004100015040001300056040001300069041001300082100001800095100002900113245004100142245004100183250001100224260001200235260002600247260004900273300004100322500033400363650002400697650003100721 9965IT-RoPAU130308s9999 xx 000 0 und d aIT-RoPAU cIT-RoPAU aITALIANO aMarin Corrado gCodice Aut. SPICS: 4157 aMicrofilm e le sue applicazioni (Il) bMicrofilm e le Sue Applicazioni (Il) a1a ed. aTRIESTE bTecniche Fotografiche c1964 [1° Ed.:1964 - Ed.Ling.Originale:1964] a"32 p. (prefazione: no ; testo: 32)" aProcedimento microfilm Riproduzione con microfilm Materiale sensibile Visori Ingranditore Applicazioni Pratiche Archiviazione documentazione e Contabilità€ Applicazioni Tecniche e Scientifiche Origini del microfilm Apparecchi fotografici per microfilm Tabelle di Accessori Trattamento del Materiale sensibile Formule di Sviluppo aTECNICA FOTOGRAFICA eCodice materia Spics: 6752